| 000 | 00638nam a2200205Ia 4500 | ||
|---|---|---|---|
| 003 | GCL | ||
| 008 | 140319s9999 xx 000 0 ara d | ||
| 040 |
_aGCL / _cGCL |
||
| 082 | 0 | 4 |
_a813.9 _bش ض |
| 100 | 1 | _aشوقى بدر يوسف | |
| 245 | 1 | 0 |
_aضياء الشرقاوى وعالمه القصصى / _cشوقى بدر يوسف |
| 260 |
_a[S.N] : _bالمجلس الاعلى لرعاية الفنون والاداب ، _c1988 |
||
| 300 | _a148 | ||
| 490 | _a | ||
| 650 | 0 | 4 | _aالادب العربى |
| 650 | 0 | 4 | _aالقصص العربية |
| 650 | 0 | 4 | _aالادباء |
| 650 | 0 | 4 | _aضياء الشرقاوى |
| 942 |
_2ddc _cBK |
||
| 999 |
_c54656 _d54656 |
||